Výkon kontroly v rezorte školstva SSR záverečná práca postgraduálneho štúdia

Enregistré dans:
Détails bibliographiques
Auteur principal: Böhmer, M.
Collectivité auteur: Vysoká škola ekonomická v Bratislave
Autres auteurs: Marko, Jozef
Format: Livre
Langue:slovaque
Publié: Bratislava 1987
Tags: Ajouter un tag
Pas de tags, Soyez le premier à ajouter un tag!

MARC

LEADER 00000nam a2200000 4500
001 c032879
005 20221219095424.7
041 0 |a slo 
044 |a SK 
245 1 0 |a Výkon kontroly v rezorte školstva SSR  |b záverečná práca postgraduálneho štúdia  |c M. Böhmer ; Ved. práce Jozef Marko 
264 1 |a Bratislava  |c 1987 
300 |a 38 s. 
100 1 |a Böhmer, M. 
700 1 |a Marko, Jozef 
710 2 |a Vysoká škola ekonomická v Bratislave